Global Development Finance: Striving for Stability in Development Finance (Record no. 3685)
[ view plain ]
| 005 - DATE AND TIME OF LATEST TRANSACTION | |
|---|---|
| control field | 20250613125402.0 |
| 020 ## - INTERNATIONAL STANDARD BOOK NUMBER | |
| International Standard Book Number | 9780821354285 |
| 082 ## - DEWEY DECIMAL CLASSIFICATION NUMBER | |
| Classification number | 332 WOR |
| 111 ## - MAIN ENTRY--MEETING NAME | |
| Meeting name or jurisdiction name as entry element | The World Bank |
| 245 ## - TITLE STATEMENT | |
| Title | Global Development Finance: Striving for Stability in Development Finance |
| 260 ## - PUBLICATION, DISTRIBUTION, ETC. | |
| Place of publication, distribution, etc. | Washington DC, |
| Name of publisher, distributor, etc. | The World Bank, |
| Date of publication, distribution, etc. | 2003. |
| 300 ## - PHYSICAL DESCRIPTION | |
| Extent | x,237p.:ill.;Boxes,figures, tables |
| Other physical details | Bibliography |
| Dimensions | 28cm |
| 942 ## - ADDED ENTRY ELEMENTS (KOHA) | |
| Source of classification or shelving scheme | Dewey Decimal Classification |
| Koha item type | Books |
| Date last seen | Total checkouts | Full call number | Barcode | Cost, replacement price | Price effective from | Koha item type | Lost status | Source of classification or shelving scheme | Damaged status | Not for loan | Withdrawn status | Home library | Current library | Shelving location | Date acquired | Source of acquisition | Cost, normal purchase price |
|---|---|---|---|---|---|---|---|---|---|---|---|---|---|---|---|---|---|
| 06/11/2025 | 332 WOR | MZA000647 | 150000.00 | 06/11/2025 | Books | Dewey Decimal Classification | CBE Mwanza | CBE Mwanza | General Collection | 06/01/2007 | Library Budget | 50000.00 | |||||
| 06/11/2025 | 332 WOR | MZA000648 | 150000.00 | 06/11/2025 | Books | Dewey Decimal Classification | CBE Mwanza | CBE Mwanza | General Collection | 06/01/2007 | Library Budget | 50000.00 | |||||
| 06/11/2025 | 332 WOR | MZA000649 | 150000.00 | 06/11/2025 | Books | Dewey Decimal Classification | CBE Mwanza | CBE Mwanza | General Collection | 06/01/2007 | Library Budget | 50000.00 |
